000 00585nam a2200205Ia 4500
005 20260429111958.0
008 260429s9999||||xx |||||||||||||| ||und||
020 _a9798886131598
041 _aEnglish
082 _a621.3993
_bZHA
100 _aZhang, Yu-Jin
245 0 _a2D computer vision :
_bprinciples, algorithms and applications /
_cYu-Jin Zhang
260 _aSingapore :
_bWorld Scientific Publishing,
_c2026.
300 _axx, 535 p.; pbk
650 _a 2D
650 _a Computer vision
650 _a Two dimension
650 _aComputer engineering
942 _cTB
999 _c51725
_d51725